000 01285cam a22003493a 4500
001 1113
005 20230815105530.0
008 980723s1998 nyu j 000 1 eng d
020 _a0590496379 (pbk.) :
020 _a9780590496377
040 _aGUZ
_cGUZ
_dJED
_dIHI
_dSLC
_dOCL
_dDLC
_beng
050 0 0 _aPZ7.A6483
082 _aFic
100 1 _aApplegate, Katherine
245 1 4 _aThe discovery /
_cK.A. Applegate
260 _aNew York :
_bScholastic,
_c1998.
300 _a153 pages ;
_c20 cm
_bIllustrations
490 1 _aAnimorphs ;
_vBook 20
500 _a"Part one of a trilogy"--Cover p. 4.
500 _a"An Apple paperback."
505 _aM
520 _aThe blue box Elfangor used to create the Animorphs has been found by David, but David doesn't know what it is. The Animorphs have to get that box at any cost. David ends up on the run with the Animorphs and Ax, and may become the sixth Animorph.
521 _a540
_bLexile
521 _aM
_bRaz-Plus
650 1 _aMetamorphosis
_vFiction.
650 1 _aScience fiction.
650 0 _aScience fiction
_vJuvenile literature.
650 0 _aMetamorphosis
_vJuvenile literature.
655 7 _aScience fiction.
_2gsafd
906 _a7
_bcbc
_ccopycat
_d2
_encip
_f20
_gy-genrareb
942 _2ddc
_cBK
_n0
999 _c1113
_d1113